Assessment of Children's Development and Learning (Record no. 9978)

MARC details
000 -LEADER
fixed length control field 00808nam a22002297a 4500
003 - CONTROL NUMBER IDENTIFIER
control field OSt
005 - DATE AND TIME OF LATEST TRANSACTION
control field 20260428011343.0
008 - FIXED-LENGTH DATA ELEMENTS--GENERAL INFORMATION
fixed length control field 260428b |||||||| |||| 00| 0 eng d
020 ## - INTERNATIONAL STANDARD BOOK NUMBER
International Standard Book Number 978-621-451-007-8
040 ## - CATALOGING SOURCE
Original cataloging agency DWCL Main Lib.
Transcribing agency OC
082 ## - DEWEY DECIMAL CLASSIFICATION NUMBER
Classification number 305.23 N322a 2021
100 ## - MAIN ENTRY--PERSONAL NAME
Personal name Navarro, Tizza Marie Menoria
245 ## - TITLE STATEMENT
Title Assessment of Children's Development and Learning
Statement of responsibility, etc. Tizza Marie Menoria-Navarro
260 ## - PUBLICATION, DISTRIBUTION, ETC.
Place of publication, distribution, etc. Quezon City, Philippines :
Name of publisher, distributor, etc. Lorimar Publishing inc.,
Date of publication, distribution, etc. c2021.
300 ## - PHYSICAL DESCRIPTION
Extent xiv, 146 pages :
Other physical details illustrations ;
Dimensions 26cm.
504 ## - BIBLIOGRAPHY, ETC. NOTE
Bibliography, etc. note Includes Bibliographical Reference
650 ## - SUBJECT ADDED ENTRY--TOPICAL TERM
Topical term or geographic name entry element 1. Child development-- study and teaching
650 ## - SUBJECT ADDED ENTRY--TOPICAL TERM
Topical term or geographic name entry element 2. Cognitive development
700 ## - ADDED ENTRY--PERSONAL NAME
Personal name Helen B. Boholano
700 ## - ADDED ENTRY--PERSONAL NAME
Personal name Bernard Evangelicom V. Jamon
942 ## - ADDED ENTRY ELEMENTS (KOHA)
Source of classification or shelving scheme Dewey Decimal Classification
Koha item type Book-Filipiniana
Classification part Fil.
Suppress in OPAC No
952 ## - LOCATION AND ITEM INFORMATION (KOHA)
--
952 ## - LOCATION AND ITEM INFORMATION (KOHA)
--
Holdings
Withdrawn status Lost status Source of classification or shelving scheme Damaged status Not for loan Home library Current library Shelving location Date acquired Source of acquisition Cost, normal purchase price Total Checkouts Full call number Barcode Date last seen Copy number Price effective from Koha item type Uniform Resource Identifier
    Dewey Decimal Classification     College Library College Library Filipiniana 02/20/2023 School Fund 380.00   Fil. 305.23 N322a 2021 CL53612 04/28/2026 c1 04/28/2026 BK-FIL
    Dewey Decimal Classification     College Library College Library Filipiniana 02/20/2023 School Fund 380.00   Fil. 305.23 N322a 2021 CL53613 04/28/2026 c2 04/28/2026 BK-FIL